| 000 | 00439pab a2200169 454500 | ||
|---|---|---|---|
| 008 | 180718b2011 xxu||||| |||| 00| 0 eng d | ||
| 100 | _aAthukorala, Prema-Chandra | ||
| 245 | _aTrade liberalisation and the poverty of nations: A review article | ||
| 260 | _c2011 | ||
| 300 | _ap.533-543. | ||
| 362 | _aMar | ||
| 650 | _aLiberalization | ||
| 650 | _aTrade | ||
| 773 | _aJournal of Development Studies | ||
| 908 | _aN | ||
| 909 | _a91287 | ||
| 999 |
_c91287 _d91287 |
||